00481 a2200169 450000100060000002000150000604000220002110000220004324000370006524500320010230000080013436200090014265000230015194200070017495201130018199900170029457082 a850061742X cAnchieta - Pituba aLessa, Orígenes10aAventuras do moleque jabutilpor10aAventuras do moleque jabuti a1060 a1997 4aLiteratura juvenil cBK 00104070a91.1b91.1d2023-11-21l0oLJ 028.5 L638a LES AVEp6926/PITr2023-11-21 18:24:41w2023-11-21yBK c57082d57082